| 000 | 01057 a2200205 4500 | ||
|---|---|---|---|
| 003 | Nust | ||
| 005 | 20221124083700.0 | ||
| 010 | _a 84011112 | ||
| 020 | _a0827338740 | ||
| 040 | _cNust | ||
| 082 | 0 | 0 | _a621.3810287,CRO |
| 100 | 1 |
_aCrozier, Patrick, _962407 |
|
| 245 | 1 | 0 |
_aElectronic instruments and measurements / _cPatrick Crozier. |
| 260 |
_aBoston, MA : _bBreton Publishers, _cc1985. |
||
| 300 |
_axvi, 383 p. : _bill. ; _c25 cm. |
||
| 505 | _aMeasurement Process (Page-1), Parameters, Units and Standards (Page-14), Methods of Data Analysis (Page-30), Records and Reports (Page-52), Analog Meters (Page-70), Digital Meters (Page-106), Bridges (Page-129), Oscilloscopes (Page-151), Oscillators and Generators (Page-186), Electronic Counters (Page-213), Dc Voltage Sources (Page-236), Potentiometers Recorders and Transducers (Page-261), Analyzers (Page-282), Automatic Test Equipment (Page-301), Instrument Calibration (Page-318), | ||
| 650 | 0 |
_aElectronic instruments. _935963 |
|
| 650 | 0 |
_aElectronic measurements. _941546 |
|
| 942 |
_2ddc _cBK |
||
| 999 |
_c181891 _d181891 |
||